000 00291nam a2200145Ia 4500
100 _aKaplan jrving
250 _a2
942 _cBK
654 _anuclear
245 _aNuclear Physics
260 _bNarosa
_aNew Delhi
_c1962
082 _a539.7
_bKAP
300 _a770
546 _aENGLISH
999 _c25385
_d25385